000 01129cab a22002295a 4500
001 L143319
008 080424s2008 xxk af 000 0 eng d
035 _a(Sirsi) u143319
041 0 _aeng
100 1 _aArminas, David
245 0 0 _aSo you want to be an environmental performance assessor
260 _c2008
490 0 _aBuilding Services Journal
_v30(4) April 2008, 12-16(5)
520 _aExamines the process of assessing buildings for energy rating. Reports a lack of action by property owners, with many either unaware of the ratings requirement or having taken no action. Explains the difference between an EPC (Energy Performance Certificate) and a DEC (Display Energy Certificate). Outlines how the market is gearing up to the requirement for certificates and how to become an energy assessor.
590 _aKA
650 2 4 _aRESIDENTIAL ENERGY PERFORMANCE CERTIFICATES
650 2 4 _aCOMMERCIAL ENERGY PERFORMANCE CERTIFICATES
650 2 4 _aDISPLAY ENERGY CERTIFICATE
651 4 _aEngland and Wales
_y1543-
690 _aENVIRONMENTAL AND LAND CONSULTANCY-ENERGY-ENERGY USE-ENERGY EFFICIENCY
942 _n0
999 _c80137
_d80137